|
|
|
|
| LEADER |
00000nam a2200000 a 4500 |
| 001 |
vtls008425541 |
| 003 |
SK-MaSNL |
| 005 |
20260425222702.0 |
| 008 |
190927s2005 xo f l 000 0 slo |
| 015 |
|
|
|a SNBI2006/04-01010
|
| 020 |
|
|
|a 8089122280 (brož.)
|
| 035 |
|
|
|a 567BE02D-23A2-4456-B61B-DA842BE673A7
|
| 035 |
|
|
|a urn:nbn:sk:snk-amlffu
|
| 035 |
|
|
|a urn:nbn:sk:snk-am008xg8
|
| 040 |
|
|
|a SNK
|b slo
|c SNK
|e AACR2
|
| 041 |
0 |
|
|a slo
|
| 043 |
|
|
|a e-xo---
|
| 044 |
|
|
|a xo
|c SK
|
| 072 |
|
7 |
|a 347.7
|x Obchodné právo. Finančné právo. Právo priemyselného vlastníctva. Patentové právo. Autorské právo
|2 konspekt
|
| 080 |
|
|
|a 347.714
|2 2001
|
| 080 |
|
|
|a (437.6)
|2 2001
|
| 080 |
|
|
|a (094.5)
|2 2001
|
| 080 |
|
|
|a 347.7
|2 2001
|
| 110 |
1 |
|
|a Slovensko
|4 aut
|9 266955
|
| 240 |
1 |
0 |
|a Obchodný zákonník (1991, novela 2004)
|
| 245 |
1 |
0 |
|a Obchodný zákonník a Obchodný register
|b úplné znenie zákona - stav k 1. októbru 2005
|
| 250 |
|
|
|a 3. vyd.
|
| 260 |
|
|
|a Šamorín
|b Heuréka
|c 2005
|
| 300 |
|
|
|a 242 s.
|c 21 cm
|
| 490 |
1 |
|
|a Zákony
|
| 500 |
|
|
|a Dokument obsahuje 2 diela
|
| 650 |
0 |
7 |
|a obchodné právo
|2 SNKPH
|9 2216
|
| 650 |
0 |
7 |
|a obchodné registre
|2 SNKPH
|9 4620
|
| 651 |
|
7 |
|a Slovensko
|2 SNKPH
|9 14231
|
| 655 |
|
7 |
|a zákony
|2 SNKPH
|9 70186
|
| 710 |
1 |
2 |
|a Slovensko.
|t Zákon o obchodnom registri (2003, novela 2004)
|9 310179
|
| 740 |
0 |
2 |
|a Zákon o obchodnom registri
|
| 830 |
|
0 |
|a Zákony
|9 302061
|
| 919 |
|
|
|a 80-89122-28-0
|
| 958 |
|
|
|a OND
|
| 999 |
|
|
|c 565161
|d 567091
|
| 952 |
|
|
|a SNK
|b SNK
|y PREZ
|7 0
|p 17A0494865
|o snkSC 122327
|i snk2006/1366
|8 0
|0 0
|1 0
|4 0
|d 2006-01-23
|f 1
|l 0
|r 2025-06-03 00:00:00
|w 2026-02-23
|
| 952 |
|
|
|a SNK
|b SNK
|y VYP
|7 0
|p 17A0494864
|o snkSC 122327 D1
|i snk2006/1367
|8 0
|0 0
|1 0
|4 0
|d 2006-01-23
|l 0
|r 2026-02-23 13:55:31
|w 2026-02-23
|